000 00208 a2200097 4500
001 55725
100 _a
245 _aDictionary of human geography
260 _alondon
_bBlackie
_c1990
090 _c34613
_d34613
942 _aNUST-CAE
_c
_c27351
999 _c290798
_d290798